| Tag |
First Indicator |
Second Indicator |
Subfields |
| LEADER |
00000cam a2200000 4500 |
| 001 |
in00000056287 |
| 005 |
20151008052422.0 |
| 008 |
760412s1938 nyu b 00000 eng |
| 010 |
|
|
|a 38011539
|
| 035 |
|
|
|a (OCoLC)02106315
|
| 035 |
|
|
|9 AAH3243AM
|
| 040 |
|
|
|a DLC
|c TOL
|d TXA
|d UtOrBLW
|
| 049 |
|
|
|a TXAM
|c [80589]
|
| 050 |
0 |
0 |
|a LB2822
|b .B7
|
| 082 |
0 |
|
|a 371.1
|
| 092 |
|
|
|a 371.1
|b B854i
|
| 100 |
1 |
|
|a Briggs, Thomas Henry,
|d 1877-1971.
|
| 245 |
1 |
0 |
|a Improving instruction ;
|b supervision by principals of secondary schools /
|c by Thomas H. Briggs ...
|
| 264 |
|
1 |
|a New York :
|b The Macmillan company,
|c [1938]
|
| 264 |
|
4 |
|c [©1938]
|
| 300 |
|
|
|a ix, 587 pages :
|b diagrams ;
|c 22 cm.
|
| 336 |
|
|
|a text
|b txt
|2 rdacontent
|
| 337 |
|
|
|a unmediated
|b n
|2 rdamedia
|
| 338 |
|
|
|a volume
|b nc
|2 rdacarrier
|
| 504 |
|
|
|a Includes bibliographies.
|
| 650 |
|
0 |
|a School principals.
|
| 650 |
|
0 |
|a School management and organization.
|
| 650 |
|
0 |
|a Teaching.
|
| 999 |
|
|
|a MARS
|
| 999 |
f |
f |
|s 8d7888f1-b7f3-339e-b2cd-cc6bdee4f569
|i 14d8cf65-52ec-38af-800e-b960dcc6bad4
|t 0
|
| 952 |
f |
f |
|p normal
|a Texas A&M University
|b College Station
|c Sterling C. Evans Library
|d Evans: Library Stacks
|t 0
|e LB2822 .B7
|h Library of Congress classification
|i unmediated -- volume
|m A14800829639
|
| 998 |
f |
f |
|a LB2822 .B7
|t 0
|l Evans: Library Stacks
|